Survey of current business

Gespeichert in:
Bibliographische Detailangaben
Format: Schriftenreihe
Sprache:Englisch
Veröffentlicht: Washington U.S. Department of Commerce
Schlagworte:
Tags: Tag hinzufügen
Keine Tags, Fügen Sie das erste Tag hinzu!

MARC

LEADER 00000nas1a2200000 4500
001 s122569
005 20230502064556.6
041 0 |a eng 
044 |a US 
245 1 0 |a Survey of current business 
264 1 |a Washington  |b U.S. Department of Commerce 
610 2 0 |a vývoj hospodársky 
610 2 0 |a USA 
610 2 0 |a ukazovatele ekonomické